00397nam a2200145Ia 4500008004100000041000800041082001200049100001200061245005600073250001200129260005600141300000800197650002500205700002100230230711s9999||||xx |||||||||||||| ||und|| aENG a5bRO-C aRoy,M.K 0aCobol programming : including ms-cobol and cobol-85 a2nd Ed. c2007aNew DelhibTata McGraw Hill Education Limited a496 aComputer Engineering aDastidar,D Ghosh